000 00621nam a2200205Ia 4500
003 IN-BaIIA
008 211028s9999 xx 000 0 eng d
020 _a0-7153-7849-X
040 _cIIA Library
080 _a524.834
_bNIC
100 _aNicolson, Iain
_99957
245 0 _aGravity, black holes and the universe
_cIain Nicolson
260 _aNewton Abbot
_bDavid and Charles
_c1981
300 _a264p.
650 _aAstronomy and astrophysics thesaurus
650 _aBlack holes
_97728
650 _aGravitation
650 _aRelativistic cosmology
_96459
942 _cBK
999 _c6978
_d6978